| 000 | 00670nam a2200217Ia 4500 | ||
|---|---|---|---|
| 005 | 20230804133732.0 | ||
| 008 | 131103s9999 xx 000 0 und d | ||
| 020 |
_a195695755 _cRs.435.00 |
||
| 040 | _aLoreto College | ||
| 041 | _aEnglish | ||
| 082 |
_a909 _bBAG |
||
| 100 | _aBagchi,Amiya Kumar | ||
| 245 |
_aPerilous passage _b Mankind and the global ascendancy of capital _cAmiya Kumar Bagchi |
||
| 260 |
_aNew Delhi _bOxford University Press _c2008 |
||
| 300 | _axxv,425p | ||
| 504 | _aIncludes bibliographical references and index | ||
| 650 | _aHuman development and capitalism | ||
| 651 | _aThe world-Economic emergence | ||
| 850 | _aLCLIB | ||
| 942 | _cBK | ||
| 999 |
_c38661 _d89140 |
||